00570nam a2200169Ia 450000500170000000800410001702000180005808200130007610000200008924500780010926000240018730000160021150000570022794200060028495200950029099900150038520250422010337.0240331s9999 xx 000 0 und d a9789559261582 bTHIa200 aThiruchandran,S 0aIlangayil Hindu Samayathil Nilavum Aan thalamaiththuva Sindanai Pokkugal  aColombobWERCc2011 aXi, 54 p ., aIllangaiyil, indu samayathil nilavum aanthamaithuva  cL 001040708LaWERCLbWERCLcSSCd2024-03-31l0o 200 THIp6811r2024-03-31w2024-03-31yL c5817d5817